000 00398nam a2200157Ia 4500
003 OSt
005 20230526143637.0
008 211028s2017 xx 000 0 und d
040 _cAIMIT LIBRARY
041 _aeng
100 _aSharmila, K; Ruban, S.
_98744
_e151938
110 _aRuban S
_98745
245 _aJDA application restart tool (unix).
260 _aMangalore
_c2017
942 _2ddc
_cPRO
999 _c220041
_d220041